The last nomad : one man's forty year adventure in the world's most remote deserts, mountains, and marshes /

محفوظ في:

المؤلف الرئيسي: Thesiger, Wilfred, 1910-2003 (مؤلف)

التنسيق: كتاب

اللغة: English

منشور في: New York : E. P. Dutton, 1980, c1979.

الطبعة: 1st American ed.

الموضوعات:

الوسوم: إضافة وسم

لا توجد وسوم, كن أول من يضع وسما على هذه التسجيلة!

رقم الطلب: DS49 .T46 1980

LEADER 01120nam a2200313 i 4500
001 155
003 OSt
005 20260310073929.0
008 130303r19801979nyua 001 0aeng d
010 |a 79090999 //r862 
020 |a 0525930779 
035 |a rdb01172915 
040 |c ARCE Library 
043 |a aw----- 
050 4 |a DS49 .T46 1980 
100 1 |a Thesiger, Wilfred,  |d 1910-2003,  |e author  |9 41032 
240 1 0 |a Desert, marsh, and mountain. 
245 1 4 |a The last nomad :  |b one man's forty year adventure in the world's most remote deserts, mountains, and marshes /  |c Wilfred Thesiger ; [maps drawn by Tom Stalker-Miller]. 
250 |a 1st American ed. 
264 1 |a New York :   |b E. P. Dutton,   |c 1980, c1979. 
300 |a 304 pages :  |b illustrations ;  |c 28 cm. 
500 |a First ed. published in 1979 under title : Desert, marsh, and mountain. 
500 |a "Other books and articles by Wilfred Thesiger" : page 13. 
500 |a Includes index. 
600 1 0 |a Thesiger, Wilfred,  |d 1910-2003.  |9 41032 
651 0 |a Middle East  |x Description and travel. 
901 |a reviewed 
942 |c BK  |2 lcc 
999 |c 9863  |d 9863